El imperio azul /
Guardado en:
| Autor Principal: | |
|---|---|
| Formato: | Libro |
| Idioma: | Undetermined |
| Publicado: |
Ituzaingó :
Maipue,
2018.
|
| Series: | Niñez y Adolescencia
|
| Materias: | |
| Etiquetas: |
Agregar Etiqueta
Sin Etiquetas, Sea el primero en etiquetar este registro!
|
| LEADER | 00723nam a22002175a 4500 | ||
|---|---|---|---|
| 001 | CEM.cems018765 | ||
| 008 | 210715s2018####xx############000#0#und#d | ||
| 005 | 20210716102225.0 | ||
| 003 | CEMS | ||
| 245 | 1 | 0 | |a El imperio azul / |c María Cecilia López. |
| 260 | |a Ituzaingó : |b Maipue, |c 2018. | ||
| 300 | |a 112 p. | ||
| 490 | 1 | |a Niñez y Adolescencia | |
| 500 | |a Una novela en la que se aborda la temática de la prevención del abuso en la infancia a través de la ciencia ficc. | ||
| 100 | 1 | |a López, María Cecilia. | |
| 650 | 7 | |a Literatura | |
| 650 | 7 | |a Literatura argentina | |
| 650 | 7 | |a Novela | |
| 650 | 7 | |a Abuso infantil | |
| 650 | 7 | |a Abuso infantil-prevención | |
| 859 | |a CEMS |b BIB. CEMS - 11 de abril |h A863.9282 |i L881 |p 29115.21 | ||
